Statistiques concernant Pays sur le podium d'une coupe du monde de football

Cliquez ici pour prendre le quiz!

Statistiques générales

  • Ce quiz a été pris 660 fois
  • Le résultat moyen est 18 sur 20

Statistiques - réponses

VainqueurSecondTroisième% Correct
2014AllemagneArgentinePays Bas
99%
1994BrésilItalieSuède
99%
1958BrésilSuèdeFrance
99%
1962BrésilTchécoslovaquieChili
99%
2002BrésilAllemagneTurquie
99%
1970BrésilItalieAllemagne de l'Ouest
99%
1998FranceBrésilCroatie
99%
1938ItalieHongrieBrésil
98%
2006ItalieFranceAllemagne
98%
1934ItalieTcécoslovaquieAllemagne
98%
1982ItalieAllemagne de l'OuestPologne
98%
2010EspagnePays BasAllemagne
97%
1978ArgentinePays BasBrésil
96%
1986ArgentineAllemagne de l'OuestFrance
96%
1950UruguayBrésilSuède
95%
1930UruguayArgentineEtats Unis
95%
1966AngleterreAllemagne de l'OuestPortugal
91%
1990Allemagne de l'OuestArgentineItallie
65%
1974Allemagne de l'OuestPays BasPologne
65%
1954Allemagne de l'OuestHongrieAutriche
65%

Distribution des résultats

Percentile par nombre de réponses

% des personnes avec chaque résultat

Votre développement - résultats

Vous n’avez pas pris ce quiz